| 000 | 00525nam a22001817a 4500 | ||
|---|---|---|---|
| 003 | CEME | ||
| 005 | 20210628202350.0 | ||
| 008 | 210302b xxu||||| |||| 00| 0 eng d | ||
| 020 | _a0-471-28302-9 | ||
| 040 | _c. | ||
| 082 | _a621.89 KHO | ||
| 100 |
_aBooser, E.Richard Khonsari, Michael.M _959572 |
||
| 245 | _aApplied tribology, bearing design and lubrication | ||
| 260 |
_aNEW YORK _bJOHN WILEY _c2002 |
||
| 300 | _aXVI,496P | ||
| 650 |
_aTRIBOLOGY; BEARING-MACHINE-DESIGN AND CONSTRUCTION _959573 |
||
| 942 |
_cBK _2ddc |
||
| 999 |
_c569516 _d569516 |
||